Business economics : decision-making and the firm /

This book is about: The market environment; The firm in theory and practice; Production and costs analysis; Demand and revenue analysis; Pricing decisions; ...

Enregistré dans:
Détails bibliographiques
Auteur principal: Brewster, David.
Format: Livre
Langue:English
Publié: London : The Dryden Press, 1997.
Sujets:
Tags: Ajouter un tag
Pas de tags, Soyez le premier à ajouter un tag!
Thư viện lưu trữ: Mạng thư viện Đại học Đà Nẵng
LEADER 01064cam a2200361 i 4500
001 000048252
003 7960
005 20030313151842.0
008 010321|1997 vm 000 eng
020 |a 0030990173 
040 |a IRC  |c IRC  |d IRC 
041 0 |a eng 
082 1 4 |a 658.403  |b BR-D 
100 1 |a Brewster, David. 
245 0 0 |a Business economics :  |b decision-making and the firm /  |c David Brewster. 
260 |a London :  |b The Dryden Press,  |c 1997. 
300 |a x, 345 p. :  |b ill. ;  |c 24.5cm. 
520 3 |a This book is about: The market environment; The firm in theory and practice; Production and costs analysis; Demand and revenue analysis; Pricing decisions; ... 
630 0 4 |a Economics. 
630 0 4 |a Business. 
650 0 4 |a Economics. 
650 0 4 |a Business. 
650 0 4 |a Business  |x Decision making. 
OWN |a DUT 
999 |a From the UDN01 
TYP |a Monograph 
TYP |a Printed language 
980 |a Mạng thư viện Đại học Đà Nẵng